1956 1500 1223 1575 1459 1408 1021 1738 1907 1053 1200 1258 1470 1802 1640 1076 1406 1528 1863 1258 1154 1588 1913 1771 1529 1554 1637 1812 1404 1306 1983 1641 1960 1018 1271 1144 1944 1602 1058 1676 1195 1315 1042 1941 1742 1491 1630 1113 1300 1411 1408 1997 1288 1208 1971 1933 1115 1999 1376 1604 1185 1842 1226 1404 1086 1097 1371 1847 1693 1005 1940 1829 1187 1212 1768 1681 1910 1768 1478 1662 1988 1058 1854 1018 1960 1209 1963 1954 1866 1713 1982 1586 1918 1027 1526 1959 1449 1873 1921 BCNSPRNW ULIB Ver.6.0+V

เปลี่ยนเป็นภาษาไทย

Change to English
 แสดงรายละเอียดบรรณานุกรม
  กลับหน้าหลัก

Brief Record : Get Marc (ISO 2709) : E-mail record : QR code < ปิดหน้าต่าง
LEADER : 00000nam 2200000uu 4500
001    13399128937
003     ULIB
008    241030s2022||||th 000 0 tha d
020    ^a9781108933810 (pbk.)
050  4 ^aPE1128^bI22
245 00 ^aIELTS 17 academic with answers :^bauthentic examinationtests /^c[Cambridge University Press]
260    ^aCambridge :^bCambridge University Press,^c2022
300    ^a142 p. :^bill. ;^c25 cm.
650  0 ^aInternational English Language Testing System^vStudyguides
650  0 ^aEnglish language^vTextbooks for foreign speakers
650  0 ^aEnglish language^xStudy and teaching
650  0 ^aEnglish language^xExaminations^vStudy guides
650  0 ^aEnglish language^vProblems, exercises, etc.
653    ^aIELTS
945    ^p989^l0^i011191
999    ^aประนอม เกษจรัล
รายการนี้ยังไม่มีแท็ก
คุณยังไม่ได้ล็อกอิน คุณสามารถมีกิจกรรมร่วมกับเว็บไซต์ได้ แต่ต้องล็อกอินก่อน ::
  ล็อกอิน

รายการสื่อสารสนเทศ

ลำดับที่ ประเภท เลขเรียก/บาร์โค้ด สถานที่ สถานะ
1. การศึกษาทั่วไป
หนังสือสำรอง
สถานะ=หนังสือสำรอง
PE1128 I22 ฉ.1 
  Barcode: 011191
ห้องสมุดวิทยาเขตสวรรค์ประชารักษ์
►หนังสือทั่วไป
บนชั้น

BibComment


ยังไม่เคยถูกคอมเมนท์

คอมเมนท์ทรัพยากรรายการนี้
  คอมเมนท์: IELTS 17 academi..


 Copyright 2026. Bcnsprnw @Library